[Event "HUN-chT2 Barcza 1314"]
[Site "Hungary"]
[Date "2013.11.03"]
[Round "4"]
[White "Lovas, Peter"]
[Black "Varga, Laszlo Jr"]
[Result "1-0"]
[WhiteElo "1838"]
[BlackElo "1462"]
[PlyCount "71"]
[EventDate "2013.09.08"]
[EventType "team-tourn"]
[EventRounds "11"]
[EventCountry "HUN"]
[SourceTitle "EXT 2016"]
[Source "ChessBase"]
[SourceDate "2015.10.08"]
[SourceVersion "1"]
[SourceVersionDate "2015.10.08"]
[SourceQuality "1"]
[WhiteTeam "Nadudvar"]
[BlackTeam "Sajobabony"]
[WhiteTeamCountry "HUN"]
[BlackTeamCountry "HUN"]

1. e4 d5 2. exd5 Qxd5 3. Nc3 Qd6 4. Nf3 Bg4 5. Be2 Nf6 6. d4 e6 7. 0-0 Nc6 8. Nb5 Qd7 9. Bf4 Bd6 10. Nxd6+ cxd6 11. c4 d5 12. c5 0-0 13. Re1 a6 14. Ne5 Nxe5 15. Bxe5 Bxe2 16. Qxe2 Qd8 17. Qf3 Ne4 18. Qb3 Qd7 19. h3 Qb5 20. Re3 Qxb3 21. Rxb3 Ra7 22. Re1 Rc8 23. Rd1 h6 24. Rdd3 b6 25. Rxb6 Raa8 26. Ra3 a5 27. Rb5 f6 28. Bh2 a4 29. Rb4 e5 30. Raxa4 exd4 31. Rxa8 Rxa8 32. c6 d3 33. Bf4 d2 34. Bxd2 Nxd2 35. c7 Kf7 36. Rb8 1-0